Countries with Randomized Vowels - Statistics

General Stats
  • This quiz has been taken 15 times
  • The average score is 18 of 20
Answer Stats
Ceontru Country % Correct
Ufghonestyn Afghanistan
100%
Algorue Algeria
100%
Onderre Andorra
100%
Ergyntona Argentina
100%
Urmonia Armenia
100%
Behraon Bahrain
100%
Bungladosh Bangladesh
100%
Bylorys Belarus
100%
Bonen Benin
100%
Bylevai Bolivia
100%
Bysneo ynd Horzigyvuni Bosnia and Herzegovina
100%
Bytswunu Botswana
100%
Brozel Brazil
100%
Branoe Brunei
100%
Balgurei Bulgaria
100%
Byrkone Fesi Burkina Faso
100%
Baronde Burundi
100%
Cemaryun Cameroon
100%
Conude Canada
100%
Capo Vyrdy Cape Verde
100%
Chud Chad
100%
Chole Chile
100%
Camures Comoros
100%
Custo Roce Costa Rica
100%
Cebu Cuba
100%
Copres Cyprus
100%
Czoch Rapeblyc Czech Republic
100%
Dumycrotic Ripablec uf thi Cangy Democratic Republic of the Congo
100%
Djybeotu Djibouti
100%
Damonecun Ropebliyc Dominican Republic
100%
Agupt Egypt
100%
Ul Selvydar El Salvador
100%
Aquaturyal Goenoe Equatorial Guinea
100%
Utheypoa Ethiopia
100%
Fydoretad Stutos yf Mucrinosea Federated States of Micronesia
100%
Fuji Fiji
100%
Funlond Finland
100%
Frunca France
100%
Gombae Gambia
100%
Guurgea Georgia
100%
Gyrmony Germany
100%
Ghone Ghana
100%
Grenede Grenada
100%
Gyutomale Guatemala
100%
Goenya Guinea
100%
Goenya-Bassea Guinea-Bissau
100%
Hyuta Haiti
100%
Handoras Honduras
100%
Oryq Iraq
100%
Etelu Italy
100%
Every Coast Ivory Coast
100%
Jepun Japan
100%
Jyrdun Jordan
100%
Kozekhsten Kazakhstan
100%
Kunai Kenya
100%
Kasevu Kosovo
100%
Kywiot Kuwait
100%
Kurgyzston Kyrgyzstan
100%
Lasuthy Lesotho
100%
Lubee Libya
100%
Lyychtonstaan Liechtenstein
100%
Lathoonaa Lithuania
100%
Molowe Malawi
100%
Meleusae Malaysia
100%
Male Mali
100%
Multi Malta
100%
Mersholl Uslends Marshall Islands
100%
Mooretynue Mauritania
100%
Maxyco Mexico
100%
Maldive Moldova
100%
Mangolie Mongolia
100%
Meraccy Morocco
100%
Mezambyqeo Mozambique
100%
Moenmyr Myanmar
100%
Now Zuylund New Zealand
100%
Nocarugey Nicaragua
100%
Nogireu Nigeria
100%
Nerth Kurau North Korea
100%
Nurth Mecodaneo North Macedonia
100%
Nurwoy Norway
100%
Pukastyn Pakistan
100%
Pelee Palau
100%
Ponema Panama
100%
Papee Nuw Goenya Papua New Guinea
100%
Peruguuy Paraguay
100%
Para Peru
100%
Phylyppanes Philippines
100%
Quter Qatar
100%
Rumenoe Romania
100%
Rossey Russia
100%
Rwonde Rwanda
100%
Seent Katts und Nevus Saint Kitts and Nevis
100%
Syent Licee Saint Lucia
100%
Semyy Samoa
100%
Son Maroni San Marino
100%
Sooda Irebao Saudi Arabia
100%
Sunagyl Senegal
100%
Sirbye Serbia
100%
Sengoperu Singapore
100%
Sluvekoo Slovakia
100%
Slavinee Slovenia
100%
Salemun Uslands Solomon Islands
100%
Samuleo Somalia
100%
Saath Ofrycu South Africa
100%
Sayth Kerea South Korea
100%
Suath Sydon South Sudan
100%
Sre Lunky Sri Lanka
100%
Saden Sudan
100%
Syrenome Suriname
100%
Swadyn Sweden
100%
Swutzorlend Switzerland
100%
Taawin Taiwan
100%
Thyelund Thailand
100%
Tuge Togo
100%
Tango Tonga
100%
Trunodid ynd Taboge Trinidad and Tobago
100%
Tonysai Tunisia
100%
Tyrkmunestun Turkmenistan
100%
Tavalo Tuvalu
100%
Ygonde Uganda
100%
Ynotod Erub Ymarutes United Arab Emirates
100%
Enetud Kungdem United Kingdom
100%
Unatod Stotus United States
100%
Yrygeuy Uruguay
100%
Vunaeto Vanuatu
100%
Vonozaelu Venezuela
100%
Vootnem Vietnam
100%
Zymbobwa Zimbabwe
100%
Urytraa Eritrea
80%
Yndao India
75%
Arylend Ireland
75%
Yamon Yemen
75%
Ontygei und Barbado Antigua and Barbuda
67%
Balozi Belize
67%
Gyoeny Guyana
67%
Hangyro Hungary
67%
Acelynd Iceland
67%
Mynuca Monaco
67%
Neere Nauru
67%
Soore Laanu Sierra Leone
67%
Korabetu Kiribati
60%
Bohumos Bahamas
50%
Cruutyy Croatia
50%
Ostenya Estonia
50%
Uswotyne Eswatini
50%
Groacy Greece
50%
Undenysoe Indonesia
50%
Leis Laos
50%
Luberoi Liberia
50%
Montynogri Montenegro
50%
Rapiblec af thy Cengy Republic of the Congo
50%
Spoon Spain
50%
Soree Syria
50%
Tunzanoe Tanzania
50%
Azbakosten Uzbekistan
50%
Ungele Angola
33%
Olbinie Albania
0%
Eostruluu Australia
0%
Aostrey Austria
0%
Yzerbyajon Azerbaijan
0%
Barbudas Barbados
0%
Bilgeom Belgium
0%
Bhyton Bhutan
0%
Combidea Cambodia
0%
Chune China
0%
Cylymbeo Colombia
0%
Danmurk Denmark
0%
Cyntrol Efracon Rypibluc Central African Republic
0%
Sẽa Tumá ond Prýncupa São Tomé and Príncipe
0%
Dymenoca Dominica
0%
Oast Temyr East Timor
0%
Ycuyder Ecuador
0%
Gubyn Gabon
0%
Uran Iran
0%
Osreul Israel
0%
Jomaicu Jamaica
0%
Lotvei Latvia
0%
Lubunun Lebanon
0%
Loxamboyrg Luxembourg
0%
Madegoscur Madagascar
0%
Moldovas Maldives
0%
Maerytaus Mauritius
0%
Nomybue Namibia
0%
Nopel Nepal
0%
Nutharlonds Netherlands
0%
Nogir Niger
0%
Umen Oman
0%
Palund Poland
0%
Partegal Portugal
0%
Seont Voncant und thy Grenadanos Saint Vincent and the Grenadines
0%
Soachallas Seychelles
0%
Tyjykysten Tajikistan
0%
Tarkuy Turkey
0%
Ekroanu Ukraine
0%
Vutocun Cute Vatican City
0%
Zemboe Zambia
0%
No matching quizzes found
Score Distribution
Percent of People with Each Score
Percentile by Number Answered
Your Score History
You have not taken this quiz